[Event "Deutsche Meisterschaft 2013"]
[Site "Saarbrücken"]
[Date "2013.09.10"]
[Round "5.16"]
[White "Litwak, Aleksej"]
[Black "Commercon, Simon"]
[Result "1-0"]
[WhiteElo "2230"]
[BlackElo "2187"]
[PlyCount "83"]
[EventDate "2013.09.05"]

1. e4 g6 2. d4 Bg7 3. Nc3 d6 4. Be3 a6 5. a4 Nf6 6. Nf3 O-O 7. Qd2 Ng4 8. Bg5
h6 9. Bh4 c6 10. Bd3 Qc7 11. h3 Nf6 12. e5 Nh7 13. O-O d5 14. Nh2 e6 15. Ne2
Nd7 16. Ng4 h5 17. Ne3 Bxe5 18. dxe5 Qxe5 19. b4 Qg7 20. f4 e5 21. fxe5 Nxe5
22. c3 f5 23. Bg3 Re8 24. Nd4 Nf7 25. Rae1 Bd7 26. a5 Nf6 27. Nec2 Rad8 28.
Rxe8+ Rxe8 29. Re1 Ne4 30. Bxe4 fxe4 31. Rf1 Rc8 32. Nb3 Nh6 33. Qd4 Re8 34.
Qxg7+ Kxg7 35. Ncd4 Nf5 36. Nxf5+ gxf5 37. Bf4 Re7 38. Kf2 Kf6 39. h4 Rg7 40.
g3 Be8 41. Ke3 Ke6 42. Nd4+ 1-0

[Event "Deutsche Meisterschaft 2013"]
[Site "Saarbrücken"]
[Date "2013.09.10"]
[Round "5.17"]
[White "Bastian, Herbert"]
[Black "Seyfried, Claus"]
[Result "1-0"]
[WhiteElo "2339"]
[BlackElo "2185"]
[PlyCount "85"]
[EventDate "2013.09.05"]

1. e4 e6 2. d4 d5 3. e5 c5 4. c3 Nc6 5. Nf3 Qb6 6. a3 f6 7. Bd3 fxe5 8. dxe5 c4
9. Bc2 Nh6 10. O-O Nf7 11. b3 cxb3 12. Bxb3 Bd7 13. Be3 Bc5 14. Re1 O-O 15.
Nbd2 Na5 16. Ba2 Rac8 17. Bd4 Rfe8 18. Bb1 Nc6 19. Bxc5 Qxc5 20. c4 dxc4 21.
Qc2 g6 22. Ne4 Qe7 23. Nf6+ Kg7 24. Nxe8+ Qxe8 25. Qxc4 Kg8 26. Qf4 Qe7 27. Be4
Rf8 28. Qg3 Nh6 29. Rad1 Nf5 30. Bxf5 Rxf5 31. Re3 Be8 32. h4 Nd8 33. Nd4 Rf8
34. Qg5 Qc7 35. h5 Nf7 36. Qg3 Nd8 37. hxg6 Bxg6 38. Nf3 b5 39. Nh4 Qg7 40.
Nxg6 hxg6 41. Red3 Nf7 42. Rd7 a5 43. Re7 1-0

[Event "Deutsche Meisterschaft 2013"]
[Site "Saarbrücken"]
[Date "2013.09.10"]
[Round "5.18"]
[White "Marcziter, Dmitrii"]
[Black "Jussupow, Nadia"]
[Result "1-0"]
[WhiteElo "2265"]
[BlackElo "2156"]
[PlyCount "129"]
[EventDate "2013.09.05"]

1. d4 d5 2. Nf3 c6 3. c4 e6 4. Qc2 dxc4 5. Qxc4 b5 6. Qc2 Bb7 7. e4 Nf6 8. Nc3
a6 9. Bg5 h6 10. Bh4 Nbd7 11. Rd1 Qa5 12. a3 b4 13. axb4 Bxb4 14. Be2 c5 15. d5
exd5 16. exd5 O-O 17. d6 Nd5 18. O-O Nxc3 19. bxc3 Bxc3 20. Be7 Rfb8 21. Qf5
Bc8 22. Bc4 Ne5 23. d7 Bxd7 24. Rxd7 Nxc4 25. Bg5 Rf8 26. Qe4 Nb6 27. Rb7 Rab8
28. Re7 Qb4 29. Qf5 Rbe8 30. Rb1 Qa4 31. Rb7 Qe4 32. Qxe4 Rxe4 33. Be7 Re8 34.
Bxc5 Nd5 35. g3 a5 36. Rd1 Nf6 37. Rdb1 g5 38. h3 Kg7 39. R1b3 Rc4 40. Rc7 Rxc5
41. Rxc5 Bb4 42. Rb5 g4 43. hxg4 Nxg4 44. Nd4 Re5 45. Rxe5 Nxe5 46. Nc2 Nc6 47.
Nxb4 axb4 48. Rd3 Ne5 49. Rd5 Kf6 50. Rb5 Nd3 51. Kf1 Ne5 52. Rxb4 Ng6 53. Rb5
Nf8 54. Ke2 Ne6 55. Ke3 Kg7 56. f4 Kf6 57. Ke4 Kg7 58. Ke5 h5 59. Rb6 Nf8 60.
Kf5 Nd7 61. Rc6 Nf8 62. Kg5 Ne6+ 63. Kxh5 Nd4 64. Ra6 Ne2 65. Kg4 1-0

[Event "Deutsche Meisterschaft 2013"]
[Site "Saarbrücken"]
[Date "2013.09.10"]
[Round "5.19"]
[White "Schellmann, Frank"]
[Black "Lochte, Thomas"]
[Result "1/2-1/2"]
[WhiteElo "2098"]
[BlackElo "2141"]
[PlyCount "66"]
[EventDate "2013.09.05"]

1. e4 c5 2. c3 d5 3. exd5 Qxd5 4. d4 Nc6 5. Nf3 cxd4 6. cxd4 e5 7. Nc3 Bb4 8.
Bd2 Bxc3 9. Bxc3 e4 10. Ne5 Nxe5 11. dxe5 Ne7 12. Qe2 O-O 13. Rd1 Qxa2 14. Bb4
Qe6 15. Qxe4 Re8 16. Bb5 Nc6 17. O-O Bd7 18. Rfe1 Rad8 19. Bc3 a6 20. Bd3 Qg6
21. Qh4 Bf5 22. Bxf5 Qxf5 23. Rxd8 Rxd8 24. h3 b5 25. Qe4 Qxe4 26. Rxe4 Rd1+
27. Kh2 a5 28. e6 fxe6 29. Rxe6 Nd4 30. Re4 Nc6 31. Re6 Nd4 32. Re4 Nc6 33. Re6
Nd4 1/2-1/2

[Event "Deutsche Meisterschaft 2013"]
[Site "Saarbrücken"]
[Date "2013.09.10"]
[Round "5.20"]
[White "Schlenker, Jörg"]
[Black "Schreiber, Kevin"]
[Result "1-0"]
[WhiteElo "2217"]
[BlackElo "1920"]
[PlyCount "75"]
[EventDate "2013.09.05"]

1. d4 d5 2. Nc3 Bf5 3. f3 Nf6 4. g4 Bg6 5. g5 Nh5 6. e4 dxe4 7. fxe4 e5 8. Nf3
exd4 9. Nxd4 h6 10. Be3 hxg5 11. Qf3 Bb4 12. O-O-O Bxc3 13. Ne6 Qe7 14. Rd8+
Qxd8 15. Nxd8 Be5 16. Nxb7 Nf6 17. Nc5 g4 18. Qe2 O-O 19. Bg2 Nc6 20. Nd3 Rfe8
21. Nxe5 Nxe5 22. Bd4 Nfd7 23. h3 Nf3 24. Bc3 Nh4 25. Qxg4 Nxg2 26. Qxd7 Rxe4
27. Rg1 Re2 28. Qd4 Rxc2+ 29. Kd1 Ne3+ 30. Qxe3 Rd8+ 31. Ke1 Rd3 32. Qe8+ Kh7
33. Rxg6 fxg6 34. Qe7 Rc1+ 35. Ke2 Rdxc3 36. bxc3 Rxc3 37. Qh4+ Kg8 38. a4 1-0

[Event "Deutsche Meisterschaft 2013"]
[Site "Saarbrücken"]
[Date "2013.09.10"]
[Round "5.21"]
[White "Tabatt, Hendrik"]
[Black "Bär, Sören"]
[Result "1-0"]
[WhiteElo "2303"]
[BlackElo "2139"]
[PlyCount "115"]
[EventDate "2013.09.05"]

1. Nf3 c5 2. g3 b6 3. Bg2 Bb7 4. O-O Nf6 5. c4 e6 6. Nc3 Nc6 7. e3 Be7 8. d4
cxd4 9. exd4 Na5 10. Qd3 Qc8 11. b3 d5 12. cxd5 Ba6 13. Nb5 Nxd5 14. Bd2 O-O
15. Rfc1 Qd7 16. a4 Nc6 17. Rc4 Rfc8 18. Rac1 Bf6 19. Bg5 Na5 20. Ne5 Bxe5 21.
dxe5 Rab8 22. Rd1 h6 23. Bxh6 Nxc4 24. bxc4 Bxb5 25. axb5 gxh6 26. cxd5 Rc5 27.
Qe3 exd5 28. Qxh6 Qg4 29. Re1 Qg6 30. Qf4 Re8 31. Bh3 Rc4 32. Qd2 Re4 33. Rxe4
dxe4 34. e6 fxe6 35. Qd7 Qf7 36. Qd6 Qf6 37. Bg4 Qg6 38. Qd7 e3 39. fxe3 Qb1+
40. Bd1 Qg6 41. e4 Kf8 42. Qd6+ Re7 43. Qe5 Qg7 44. Qb8+ Re8 45. Qd6+ Qe7 46.
Qf4+ Kg7 47. Qg4+ Kf8 48. Qf4+ Kg7 49. e5 Qc5+ 50. Kg2 Qd5+ 51. Bf3 Qa2+ 52.
Kh3 Rh8+ 53. Kg4 Rh6 54. h4 Qb1 55. Be4 Qd1+ 56. Kh3 Qh5 57. Bd3 Qf7 58. Qg5+
1-0

[Event "Deutsche Meisterschaft 2013"]
[Site "Saarbrücken"]
[Date "2013.09.11"]
[Round "6.1"]
[White "Stern, Rene"]
[Black "Buhmann, Rainer"]
[Result "1/2-1/2"]
[WhiteElo "2509"]
[BlackElo "2580"]
[PlyCount "57"]
[EventDate "2013.09.05"]

1. d4 d5 2. c4 c6 3. Nf3 Nf6 4. e3 a6 5. Nc3 b5 6. b3 Bg4 7. Be2 Nbd7 8. O-O e6
9. h3 Bh5 10. cxd5 cxd5 11. Bb2 Bd6 12. Ne5 Bxe2 13. Nxe2 O-O 14. Rc1 Rc8 15.
Rxc8 Qxc8 16. Qb1 Qb8 17. Nxd7 Nxd7 18. Rc1 Rc8 19. Rxc8+ Qxc8 20. Qc1 Qxc1+
21. Nxc1 f6 22. Kf1 Kf7 23. Nd3 Nb8 24. Bc3 Nc6 25. f3 Ke7 26. Ke2 Kf7 27. Kf2
Ke7 28. Ke2 Kf7 29. Kf2 1/2-1/2

[Event "Deutsche Meisterschaft 2013"]
[Site "Saarbrücken"]
[Date "2013.09.11"]
[Round "6.2"]
[White "Krämer, Martin"]
[Black "Bischoff, Klaus"]
[Result "1/2-1/2"]
[WhiteElo "2542"]
[BlackElo "2500"]
[PlyCount "59"]
[EventDate "2013.09.05"]

1. d4 g6 2. e4 d6 3. c4 Bg7 4. Nc3 Nd7 5. Nf3 e5 6. Be2 Ne7 7. Be3 h6 8. O-O g5
9. dxe5 Nxe5 10. Nxe5 Bxe5 11. c5 dxc5 12. Qxd8+ Kxd8 13. Rad1+ Ke8 14. Bxc5 c6
15. Rd2 b6 16. Bd6 Ng6 17. Rfd1 Be6 18. f3 Rd8 19. g3 Rxd6 20. Rxd6 Bxd6 21.
Rxd6 Bd7 22. Kf2 Ke7 23. Rd1 h5 24. Ke3 h4 25. Rg1 hxg3 26. hxg3 Be6 27. Rc1
Bd7 28. Rg1 Be6 29. Rc1 Bd7 30. Rg1 1/2-1/2

[Event "Deutsche Meisterschaft 2013"]
[Site "Saarbrücken"]
[Date "2013.09.11"]
[Round "6.3"]
[White "Carow, Johannes"]
[Black "Blübaum, Matthias"]
[Result "1/2-1/2"]
[WhiteElo "2375"]
[BlackElo "2514"]
[PlyCount "76"]
[EventDate "2013.09.05"]

1. d4 d5 2. c4 c6 3. Nc3 dxc4 4. e4 b5 5. a4 b4 6. Na2 Nf6 7. e5 Nd5 8. Bxc4 e6
9. Nf3 a5 10. Bg5 Qb6 11. Nc1 Ba6 12. Qe2 h6 13. Bd2 Bxc4 14. Qxc4 Nd7 15. Nb3
Be7 16. Rc1 O-O 17. O-O Rfc8 18. Nc5 Qc7 19. Rfe1 Nxc5 20. dxc5 Rd8 21. Qg4 Kh7
22. Qh5 Bf8 23. Rc4 g6 24. Qh3 Ne7 25. Bf4 Qd7 26. Bg5 Nf5 27. Bxd8 Rxd8 28. g4
Ne7 29. Ng5+ Kg7 30. Ne4 Qd5 31. Rcc1 Qxe5 32. b3 Nd5 33. Qf3 Nf4 34. Nd6 Qf6
35. Ne4 Qe5 36. Nd6 Qf6 37. Ne4 Qe5 38. Nd6 Qf6 1/2-1/2

[Event "Deutsche Meisterschaft 2013"]
[Site "Saarbrücken"]
[Date "2013.09.11"]
[Round "6.4"]
[White "Graf, Felix"]
[Black "Svane, Rasmus"]
[Result "1/2-1/2"]
[WhiteElo "2481"]
[BlackElo "2445"]
[PlyCount "95"]
[EventDate "2013.09.05"]

1. d4 d5 2. c4 c6 3. e3 Bf5 4. Nc3 e6 5. Nf3 Nd7 6. Be2 Ngf6 7. Nh4 Be4 8. f3
Bg6 9. Qb3 Qb6 10. Qxb6 axb6 11. cxd5 exd5 12. g4 b5 13. g5 Ng8 14. Nxg6 hxg6
15. Bd3 Bd6 16. Kf2 Ne7 17. Bd2 Rh4 18. Kg2 Nf5 19. Ne2 Rh5 20. e4 Nh4+ 21. Kf2
dxe4 22. fxe4 O-O-O 23. a4 b4 24. a5 f5 25. a6 bxa6 26. e5 Bc7 27. Bxa6+ Kb8
28. Bf4 Nb6 29. Rhc1 Nd5 30. Rxc6 Rd7 31. Rc5 Rh8 32. Bb5 Nxf4 33. Bxd7 Nd3+
34. Ke3 Nxc5 35. dxc5 Bxe5 36. Bc6 Kc7 37. Bd5 Rd8 38. Ra7+ Kb8 39. Ra8+ Kc7
40. Rxd8 Kxd8 41. Nd4 Bxh2 42. Kd3 Kc8 43. Kc4 Be5 44. b3 f4 45. Be6+ Kb7 46.
Bd5+ Kc8 47. Be6+ Kb7 48. Bd5+ 1/2-1/2

[Event "Deutsche Meisterschaft 2013"]
[Site "Saarbrücken"]
[Date "2013.09.11"]
[Round "6.5"]
[White "Kopylov, Michael"]
[Black "Wagner, Dennis"]
[Result "1/2-1/2"]
[WhiteElo "2457"]
[BlackElo "2472"]
[PlyCount "174"]
[EventDate "2013.09.05"]

1. d4 Nf6 2. c4 g6 3. Nc3 d5 4. e3 Bg7 5. Qb3 e6 6. Nf3 O-O 7. Be2 b6 8. O-O
Bb7 9. cxd5 exd5 10. Rd1 Nbd7 11. Bd2 Re8 12. Be1 Qe7 13. Nb5 Nf8 14. Rac1 c5
15. Qa3 Ne6 16. Nc3 Bf8 17. dxc5 bxc5 18. Qa4 Red8 19. Ba6 Bxa6 20. Qxa6 d4 21.
exd4 cxd4 22. Ne2 d3 23. Rxd3 Nc5 24. Rxd8 Nxa6 25. Rxa8 Qxe2 26. Rcc8 Nd7 27.
h3 Qxb2 28. Bd2 Qb1+ 29. Kh2 Kg7 30. Bc3+ f6 31. Rxa7 Nac5 32. Rxc5 Qb8+ 33.
Rcc7 Bd6+ 34. Be5 Bxc7 35. Rxc7 fxe5 36. Rxd7+ Kh6 37. Nd2 e4+ 38. Kg1 Qe8 39.
Rd5 Qe6 40. Rd8 Qe7 41. Rd5 Qe6 42. Rd8 e3 43. fxe3 Qxe3+ 44. Kh1 Qe1+ 45. Kh2
Qe5+ 46. Kh1 Qa1+ 47. Kh2 Qxa2 48. Nf3 Qf7 49. Rd4 Qc7+ 50. Kh1 Kg7 51. Rd5 Kf6
52. h4 h6 53. Rb5 Qc6 54. Re5 Qd6 55. Ra5 Qd1+ 56. Kh2 Qc1 57. Rd5 Qc7+ 58. Kh1
Qc1+ 59. Kh2 Qc4 60. Re5 Qc7 61. Kh1 Qb8 62. Rd5 Qb1+ 63. Kh2 Ke6 64. Re5+ Kd6
65. Ra5 Qd3 66. Re5 Qb3 67. Ra5 Qc4 68. Re5 Qb4 69. Kh1 Qf4 70. Kg1 Qc1+ 71.
Kh2 Kd7 72. Kg3 Qc7 73. Kh3 Qd6 74. Kg3 Qb8 75. Kh3 Qc7 76. Kg3 Qc4 77. h5 gxh5
78. Rxh5 Qc7+ 79. Kh3 Qc1 80. Rh4 Ke6 81. Kh2 Kf6 82. Rd4 Qc7+ 83. Kh1 Qg3 84.
Rh4 Kg7 85. Rd4 h5 86. Rh4 Kh6 87. Rd4 Qc7 1/2-1/2

[Event "Deutsche Meisterschaft 2013"]
[Site "Saarbrücken"]
[Date "2013.09.11"]
[Round "6.6"]
[White "Poetsch, Hagen"]
[Black "Donchenko, Alexander"]
[Result "1/2-1/2"]
[WhiteElo "2468"]
[BlackElo "2467"]
[PlyCount "65"]
[EventDate "2013.09.05"]

1. d4 d5 2. c4 dxc4 3. e4 e5 4. Nf3 Bb4+ 5. Bd2 Bxd2+ 6. Nbxd2 exd4 7. Bxc4 Nc6
8. O-O Qf6 9. e5 Qg6 10. Nb3 Bg4 11. Bb5 Nge7 12. Nbxd4 O-O 13. Nxc6 Nxc6 14.
Bxc6 Qxc6 15. Nd4 Qd7 16. f3 Rad8 17. Nb3 Qb5 18. Qc2 Be6 19. f4 Qb6+ 20. Kh1
g6 21. Rad1 Bg4 22. Rxd8 Rxd8 23. h3 Bf5 24. Qc1 h5 25. Rd1 Rxd1+ 26. Qxd1 Qf2
27. Qd4 Qe1+ 28. Kh2 h4 29. Nd2 Qf2 30. Kh1 Qe1+ 31. Kh2 Qg3+ 32. Kh1 Qe1+ 33.
Kh2 1/2-1/2

[Event "Deutsche Meisterschaft 2013"]
[Site "Saarbrücken"]
[Date "2013.09.11"]
[Round "6.7"]
[White "Fridman, Daniel"]
[Black "Braun, Christian"]
[Result "1/2-1/2"]
[WhiteElo "2614"]
[BlackElo "2362"]
[PlyCount "81"]
[EventDate "2013.09.05"]

1. g3 Nf6 2. Bg2 g6 3. d4 Bg7 4. e4 d6 5. Nc3 O-O 6. Nge2 e5 7. h3 Re8 8. O-O
c6 9. a4 exd4 10. Nxd4 d5 11. exd5 Nxd5 12. Nxd5 cxd5 13. Be3 Nc6 14. Qd2 Nxd4
15. Bxd4 Be6 16. Bxg7 Kxg7 17. Rfd1 Qf6 18. c3 a5 19. Qd4 Qxd4 20. Rxd4 Rab8
21. Rd2 Rec8 22. Bf1 Rc5 23. g4 g5 24. Re1 h5 25. Rd4 hxg4 26. hxg4 Rh8 27. Re3
b6 28. Be2 Re8 29. Bb5 Rh8 30. Be2 Re8 31. Kg2 Bd7 32. Rxe8 Bxe8 33. Bd3 Bd7
34. Kf3 Kf6 35. Ke3 Ke5 36. f4+ gxf4+ 37. Rxf4 f6 38. Bf5 Be8 39. Bd3 Bd7 40.
Bf5 Be8 41. Bd3 1/2-1/2

[Event "Deutsche Meisterschaft 2013"]
[Site "Saarbrücken"]
[Date "2013.09.11"]
[Round "6.8"]
[White "Oberhofer, Andre"]
[Black "Plischki, Sebastian"]
[Result "1-0"]
[WhiteElo "2329"]
[BlackElo "2436"]
[PlyCount "49"]
[EventDate "2013.09.05"]

1. e4 c5 2. c3 Nf6 3. e5 Nd5 4. d4 cxd4 5. cxd4 d6 6. Nf3 e6 7. Bc4 Nb6 8. Bd3
N8d7 9. Qe2 dxe5 10. dxe5 Nc5 11. Bc2 Nd5 12. Be3 Bd7 13. Nc3 Nxc3 14. bxc3 Qa5
15. O-O Be7 16. Rfd1 Ba4 17. Rab1 b6 18. Bxc5 Bxc2 19. Bxe7 Bxb1 20. Bb4 Qa4
21. Rxb1 O-O-O 22. Bd6 Kb7 23. Rb4 Qa5 24. Nd4 Rd7 25. Nb3 1-0

[Event "Deutsche Meisterschaft 2013"]
[Site "Saarbrücken"]
[Date "2013.09.11"]
[Round "6.9"]
[White "Schwarz, Frank"]
[Black "Lubbe, Nikolas"]
[Result "1/2-1/2"]
[WhiteElo "2249"]
[BlackElo "2432"]
[PlyCount "84"]
[EventDate "2013.09.05"]

1. d4 Nf6 2. Nf3 e6 3. Bf4 c5 4. c3 Nc6 5. e3 d5 6. Nbd2 Bd6 7. Bg3 Bxg3 8.
hxg3 Qd6 9. Bd3 O-O 10. dxc5 Qxc5 11. Qa4 e5 12. e4 h6 13. O-O Be6 14. Rac1
dxe4 15. Nxe4 Nxe4 16. Bxe4 f6 17. Rfe1 Rfd8 18. Bb1 Bc4 19. Rcd1 Bf7 20. Nh4
Qc4 21. Qc2 Ne7 22. Rd2 Rxd2 23. Qxd2 Qd5 24. Qe3 Rd8 25. f4 Qd2 26. Qxd2 Rxd2
27. b3 Nd5 28. fxe5 Nxc3 29. e6 Bxe6 30. Rxe6 Nxb1 31. Re7 Rxa2 32. Rxb7 Nd2
33. Nf5 Ra1+ 34. Kh2 Kh8 35. g4 Ra5 36. Kh3 h5 37. b4 hxg4+ 38. Kxg4 Re5 39.
Rb8+ Kh7 40. Rb7 Kh8 41. Rb8+ Kh7 42. Rb7 Kh8 1/2-1/2

[Event "Deutsche Meisterschaft 2013"]
[Site "Saarbrücken"]
[Date "2013.09.11"]
[Round "6.10"]
[White "Schöne, Ralf"]
[Black "Braun, Vitali"]
[Result "1-0"]
[WhiteElo "2345"]
[BlackElo "2403"]
[PlyCount "97"]
[EventDate "2013.09.05"]

1. d4 g6 2. c4 Bg7 3. g3 c5 4. d5 e6 5. Bg2 exd5 6. cxd5 Nf6 7. Nc3 O-O 8. a4
d6 9. Nf3 a6 10. O-O Nbd7 11. Nd2 Re8 12. h3 Rb8 13. a5 b5 14. axb6 Nxb6 15. e4
Nfd7 16. Qc2 Ne5 17. Nd1 a5 18. f4 Ned7 19. Kh2 Qc7 20. Rf3 Nf6 21. Ne3 a4 22.
Bf1 Bd7 23. Rf2 Re7 24. Ra3 Rbe8 25. Bg2 Bb5 26. b3 Ra8 27. Nec4 Nfd7 28. e5
Bxc4 29. bxc4 Nc8 30. e6 Ndb6 31. f5 Bd4 32. Rf1 Re8 33. Qe4 Ra7 34. f6 Kh8 35.
Qh4 Rg8 36. Qg5 Qd8 37. Raf3 Qf8 38. e7 Qe8 39. Re1 Nd7 40. Re4 Ne5 41. Rh4
Nxf3+ 42. Nxf3 Rg7 43. Nxd4 cxd4 44. fxg7+ Kxg7 45. Qh6+ Kf6 46. Bg5+ Kf5 47.
Be4+ Ke5 48. Qg7+ f6 49. Bxf6# 1-0

[Event "Deutsche Meisterschaft 2013"]
[Site "Saarbrücken"]
[Date "2013.09.11"]
[Round "6.11"]
[White "Krassowizkij, Jaroslaw"]
[Black "Müller, Reinhold"]
[Result "1/2-1/2"]
[WhiteElo "2381"]
[BlackElo "2249"]
[PlyCount "116"]
[EventDate "2013.09.05"]

1. c4 Nf6 2. Nc3 g6 3. e4 d6 4. d4 Bg7 5. Nf3 O-O 6. Be2 c5 7. O-O cxd4 8. Nxd4
Nc6 9. Be3 Nxd4 10. Bxd4 Be6 11. Qd2 Rc8 12. b3 Qa5 13. Rad1 Rfe8 14. f4 a6 15.
f5 Bd7 16. Bxf6 exf6 17. Nd5 Qxd2 18. Rxd2 gxf5 19. exf5 Bc6 20. Bf3 Bxd5 21.
Rxd5 Bf8 22. Kf2 Rc7 23. Kg3 Re5 24. Rfd1 b6 25. a4 a5 26. Rb5 Rxb5 27. axb5 a4
28. Bd5 a3 29. Ra1 Ra7 30. b4 Bh6 31. Kf3 Ra4 32. g3 Bd2 33. c5 dxc5 34. bxc5
bxc5 35. b6 Bc3 36. b7 Be5 37. Rb1 a2 38. Ra1 c4 39. Ke4 Kf8 40. Bc6 Ra5 41.
Bd5 c3 42. Bb3 Ra3 43. Bc2 Ke7 44. Kd3 Kd7 45. Bd1 Kc7 46. Kc2 Ra4 47. Bh5 Rd4
48. Bxf7 Rd2+ 49. Kc1 Rxh2 50. Rxa2 Rxa2 51. Bxa2 Bxg3 52. Kc2 Be5 53. Bd5 h5
54. Bg2 h4 55. Kb3 Kb6 56. b8=Q+ Bxb8 57. Kxc3 Kc5 58. Kd3 Bg3 1/2-1/2

[Event "Deutsche Meisterschaft 2013"]
[Site "Saarbrücken"]
[Date "2013.09.11"]
[Round "6.12"]
[White "Pfretzschner, Roland"]
[Black "Schleining, Zoya"]
[Result "1/2-1/2"]
[WhiteElo "2232"]
[BlackElo "2377"]
[PlyCount "109"]
[EventDate "2013.09.05"]

1. e4 c5 2. Nf3 e6 3. d4 cxd4 4. Nxd4 Nc6 5. Nc3 Qc7 6. g3 a6 7. Bg2 Nf6 8. O-O
Bc5 9. Nxc6 dxc6 10. Na4 Be7 11. e5 Nd7 12. Re1 b5 13. Nc3 Bb7 14. Qg4 g6 15.
Qe2 O-O 16. Bf4 c5 17. Bxb7 Qxb7 18. Ne4 Rfd8 19. Rad1 Nb6 20. Qf3 Rd5 21. Bh6
Nd7 22. Bf4 Rd8 23. Rd2 Qa8 24. Red1 Nb6 25. Rxd5 Rxd5 26. Nc3 Rxd1+ 27. Qxd1
b4 28. Ne2 Qe4 29. Qd3 Qxd3 30. cxd3 g5 31. Bc1 g4 32. b3 Bd8 33. Bb2 Bg5 34.
Kg2 Bd2 35. f3 h5 36. Bc1 Bxc1 37. Nxc1 Nd5 38. Kf2 Nc3 39. fxg4 hxg4 40. Ke3
Nd5+ 41. Ke4 Kg7 42. d4 cxd4 43. Kxd4 Kg6 44. Nd3 Kf5 45. Nc5 Nc7 46. Nd7 a5
47. Kc5 Nd5 48. Kb5 Nc3+ 49. Kxa5 Nxa2 50. Kb5 Ke4 51. Kc4 Kf5 52. Kc5 Ke4 53.
Kc4 Kf5 54. Kc5 Ke4 55. Kc4 1/2-1/2

[Event "Deutsche Meisterschaft 2013"]
[Site "Saarbrücken"]
[Date "2013.09.11"]
[Round "6.13"]
[White "Colpe, Malte"]
[Black "Litwak, Aleksej"]
[Result "1-0"]
[WhiteElo "2338"]
[BlackElo "2230"]
[PlyCount "79"]
[EventDate "2013.09.05"]

1. d4 d5 2. c4 e6 3. Nc3 c5 4. cxd5 exd5 5. Nf3 Nc6 6. dxc5 d4 7. Na4 Bxc5 8.
Nxc5 Qa5+ 9. Bd2 Qxc5 10. b4 Qb6 11. Qa4 a6 12. e3 dxe3 13. fxe3 Bd7 14. b5
Nce7 15. Qb3 axb5 16. Ne5 Qe6 17. Qxe6 fxe6 18. Nxd7 Kxd7 19. Bxb5+ Nc6 20. O-O
Nf6 21. a4 Kc7 22. Bc3 Rhf8 23. Rfc1 Rac8 24. a5 Rf7 25. a6 Kd6 26. axb7 Rxb7
27. Ba6 Rbc7 28. Bxc8 Rxc8 29. Bxf6 gxf6 30. Ra4 Rb8 31. Ra6 Rc8 32. Kf2 Kd5
33. e4+ Kd6 34. Ke3 Rc7 35. Rb6 Kd7 36. g4 h6 37. h4 Kd6 38. e5+ fxe5 39. g5
hxg5 40. hxg5 1-0

[Event "Deutsche Meisterschaft 2013"]
[Site "Saarbrücken"]
[Date "2013.09.11"]
[Round "6.14"]
[White "Jugelt, Tobias"]
[Black "Marcziter, Dmitrii"]
[Result "1-0"]
[WhiteElo "2429"]
[BlackElo "2265"]
[PlyCount "117"]
[EventDate "2013.09.05"]

1. d4 c5 2. d5 d6 3. e4 e5 4. Nc3 Nf6 5. Bb5+ Nbd7 6. a4 Be7 7. Nf3 O-O 8. h3
Ne8 9. Be3 Rb8 10. Qe2 Ndf6 11. Nd2 Nc7 12. O-O Nfe8 13. Rfb1 g6 14. b4 b6 15.
bxc5 bxc5 16. Bc6 Ba6 17. Nb5 f5 18. f3 Nf6 19. c4 Nh5 20. Nxa7 Nf4 21. Bxf4
exf4 22. Bb5 Bb7 23. Nc6 Bxc6 24. Bxc6 Bf6 25. Rxb8 Qxb8 26. Rb1 Bd4+ 27. Kh1
Qd8 28. Rb7 Na6 29. exf5 Be5 30. fxg6 hxg6 31. Ne4 Rf7 32. Rb1 Bd4 33. Bb5 Nb4
34. a5 Qe7 35. a6 Qe5 36. Rb3 Ra7 37. Ra3 g5 38. Bc6 Rxa6 39. Rxa6 Nxa6 40. Qa2
Nb4 41. Qa8+ Kg7 42. Qb7+ Kg8 43. Qc8+ Kg7 44. Qd7+ Kf8 45. Qxd6+ Qxd6 46. Nxd6
Nd3 47. Kh2 Nb2 48. Bb5 Nd1 49. Ne4 Ne3 50. g4 fxg3+ 51. Kxg3 Be5+ 52. Kf2 Bd4
53. Ke2 Ng2 54. Bd7 Ke7 55. Bg4 Nf4+ 56. Kd2 Ng6 57. d6+ Kf8 58. Nxg5 Nf4 59.
d7 1-0

[Event "Deutsche Meisterschaft 2013"]
[Site "Saarbrücken"]
[Date "2013.09.11"]
[Round "6.15"]
[White "Frischmann, Rick"]
[Black "Bastian, Herbert"]
[Result "1/2-1/2"]
[WhiteElo "2230"]
[BlackElo "2339"]
[PlyCount "73"]
[EventDate "2013.09.05"]

1. d4 Nf6 2. c4 d6 3. Nf3 g6 4. g3 Bg7 5. Bg2 O-O 6. Nc3 c6 7. O-O Nbd7 8. h3
e5 9. e4 Re8 10. Re1 exd4 11. Nxd4 Nc5 12. b4 Ne6 13. Nb3 a5 14. Nxa5 Nd7 15.
Bb2 Ne5 16. Na4 b6 17. Bxe5 bxa5 18. Bxg7 Kxg7 19. e5 Bd7 20. Qxd6 axb4 21.
Qxb4 Qc7 22. c5 Rab8 23. Qh4 Rb5 24. Rac1 Qa5 25. Nb6 Nxc5 26. Qf6+ Kg8 27.
Nxd7 Nxd7 28. Qxc6 Rexe5 29. Rxe5 Nxe5 30. Qe8+ Kg7 31. Rc8 Qe1+ 32. Kh2 Qxf2
33. Qf8+ Kf6 34. Qd8+ Kg7 35. Qf8+ Kf6 36. Qd8+ Kg7 37. Qf8+ 1/2-1/2

[Event "Deutsche Meisterschaft 2013"]
[Site "Saarbrücken"]
[Date "2013.09.11"]
[Round "6.16"]
[White "Zieher, Hartmut"]
[Black "Paul, Johannes"]
[Result "1-0"]
[WhiteElo "2300"]
[BlackElo "2227"]
[PlyCount "55"]
[EventDate "2013.09.05"]

1. e4 e6 2. d4 d5 3. Nd2 Nf6 4. e5 Nfd7 5. f4 c5 6. Ngf3 Nc6 7. Nb3 b6 8. c4
dxc4 9. Bxc4 cxd4 10. Nfxd4 Nxd4 11. Nxd4 Bb7 12. O-O Bc5 13. Kh1 Nxe5 14. fxe5
Qxd4 15. Bb5+ Kf8 16. Qh5 g6 17. Bh6+ Kg8 18. Qg5 Qxb2 19. Rab1 Qxa2 20. Rbd1
Be7 21. Qg3 Bh4 22. Qg4 Rd8 23. Bd7 f5 24. exf6 Qxg2+ 25. Qxg2 Bxg2+ 26. Kxg2
Kf7 27. Bg7 Rhg8 28. Rd6 1-0

[Event "Deutsche Meisterschaft 2013"]
[Site "Saarbrücken"]
[Date "2013.09.11"]
[Round "6.17"]
[White "Schlenker, Jörg"]
[Black "Vatter, Hans-Joachim"]
[Result "1-0"]
[WhiteElo "2217"]
[BlackElo "2288"]
[PlyCount "89"]
[EventDate "2013.09.05"]

1. d4 d5 2. Nc3 Nf6 3. Bg5 Bf5 4. Nf3 c6 5. Qd2 Nbd7 6. Nh4 e6 7. Nxf5 exf5 8.
f3 h6 9. Bh4 Qa5 10. e3 O-O-O 11. Bd3 g6 12. a3 Re8 13. O-O Qc7 14. Bg3 Bd6 15.
Bxd6 Qxd6 16. b4 Re7 17. Nd1 Rhe8 18. Rf2 h5 19. c3 h4 20. Re2 f4 21. exf4 Rxe2
22. Bxe2 Nh5 23. f5 Nf4 24. Bf1 gxf5 25. Ne3 Qh6 26. Kf2 Qg5 27. Re1 Ne6 28.
Bd3 f4 29. Nf5 h3 30. Kf1 Rg8 31. Re2 Kc7 32. Rf2 Nf6 33. a4 Nh5 34. gxh3 Qg1+
35. Ke2 Ng5 36. Rf1 Qxh2+ 37. Kd1 Qxh3 38. Qe2 Kb8 39. Qe7 Ne6 40. Qxf7 Rh8 41.
Qxe6 Ng3 42. Qe5+ Ka8 43. Re1 a6 44. Qxf4 Nh1 45. Kc2 1-0

[Event "Deutsche Meisterschaft 2013"]
[Site "Saarbrücken"]
[Date "2013.09.11"]
[Round "6.18"]
[White "Commercon, Simon"]
[Black "Seyfried, Claus"]
[Result "0-1"]
[WhiteElo "2187"]
[BlackElo "2185"]
[PlyCount "63"]
[EventDate "2013.09.05"]

1. d4 d5 2. Nf3 c6 3. c4 e6 4. Nc3 dxc4 5. e3 b5 6. a4 Bb4 7. Ne5 Nf6 8. Be2
Bb7 9. O-O a6 10. f4 O-O 11. Bf3 Qb6 12. Na2 Be7 13. b3 cxb3 14. Qxb3 Nbd7 15.
Nc3 b4 16. a5 Qc7 17. Na4 c5 18. Bxb7 Qxb7 19. Bb2 Nxe5 20. dxe5 Qd5 21. Qc2
Qe4 22. Qe2 Nd5 23. Rf3 c4 24. Bd4 c3 25. f5 exf5 26. Raf1 c2 27. Rg3 g6 28. e6
f4 29. exf7+ Rxf7 30. Qg4 Qd3 31. Rgf3 Qd2 32. Bb2 0-1

[Event "Deutsche Meisterschaft 2013"]
[Site "Saarbrücken"]
[Date "2013.09.11"]
[Round "6.19"]
[White "Schellmann, Frank"]
[Black "Tabatt, Hendrik"]
[Result "1/2-1/2"]
[WhiteElo "2098"]
[BlackElo "2303"]
[PlyCount "129"]
[EventDate "2013.09.05"]

1. e4 c5 2. c3 Nf6 3. e5 Nd5 4. Nf3 Nc6 5. Bc4 Nb6 6. Bb3 d5 7. exd6 c4 8. Bc2
e5 9. O-O Bxd6 10. d3 Be6 11. Re1 cxd3 12. Qxd3 h6 13. Nbd2 f5 14. Nd4 Nxd4 15.
cxd4 O-O 16. dxe5 Bb4 17. Re3 Qc8 18. Bb3 Rd8 19. Qe2 Bxd2 20. Bxd2 Bxb3 21.
axb3 Qc2 22. Bc3 Qxb3 23. e6 Nd5 24. Rg3 Nxc3 25. Rxc3 Qd5 26. e7 Re8 27. Re1
b5 28. h3 a5 29. Qe3 b4 30. Rc5 f4 31. Rxd5 fxe3 32. Rxe3 a4 33. Rd4 a3 34.
bxa3 bxa3 35. Rd1 a2 36. Ra1 Kf7 37. Re2 Rxe7 38. Raxa2 Rxa2 39. Rxa2 h5 40. h4
g6 41. Kh2 Rb7 42. Ra4 Kg7 43. f3 Rc7 44. Kh3 Rb7 45. Ra3 Rc7 46. g4 hxg4+ 47.
fxg4 Rb7 48. Kg3 Rc7 49. Ra4 Rb7 50. Kf4 Rf7+ 51. Kg5 Rb7 52. Ra5 Rc7 53. Kf4
Rb7 54. Ke5 Re7+ 55. Kf4 Rb7 56. Kg5 Rc7 57. h5 gxh5 58. Kxh5 Rb7 59. Rg5+ Kh7
60. Ra5 Kg7 61. Ra6 Rb5+ 62. g5 Rb7 63. Rg6+ Kh7 64. Re6 Kg7 65. Rg6+ 1/2-1/2